| 000 | 00000nam##2200000za#4500 |
| 001 | 9.700191 |
| 003 | CaOODSP |
| 005 | 20210625000725 |
| 007 | cr ||||||||||| |
| 008 | 150407|1993||||xxc|||||o f|0| 0 eng|d |
| 040 | |aCaOODSP|beng |
| 043 | |an-cn--- |
| 086 | 1 |aPS4-193/1993E-PDF |
| 110 | 1 |aCanada.|bEmergency Preparedness Canada. |
| 245 | 10|aEPC Disaster Database developed from CRED Disaster Database |h[electronic resource] |
| 260 | |aOttawa - Ontario : |bEmergency Preparedness Canada |c[January 15, 1993]. |
| 300 | |a78p.|btables |
| 546 | |a(En anglais avec title et texte préliminaire en français.) |
| 590 | |a14-22-Supp|b2014-12-24 |
| 690 | 07|aDatabases|2gcpds |
| 690 | 07|aDisasters|2gcpds |
| 775 | 08|tBase de données des désastres de PCC issue de la base de données des désastres du CRED |w(CaOODSP)9.644099 |
| 856 | 40|ahttp://publications.gc.ca|qPDF|s1.57 MB|uhttps://publications.gc.ca/collections/collection_2014/sp-ps/PS4-193-1993-eng.pdf |